Tortuguero / Alfonso Arellano Henández (Registro nro. 20169)

Detalles MARC
000 -LEADER
fixed length control field 00622nam a2200229Ia 4500
001 - CONTROL NUMBER
control field 21068
003 - CONTROL NUMBER IDENTIFIER
control field DO-CoUTE
005 - DATE AND TIME OF LATEST TRANSACTION
control field 20260204212534.0
008 - FIXED-LENGTH DATA ELEMENTS--GENERAL INFORMATION
fixed length control field 220104s9999 dr 000 0 spa d
020 ## - INTERNATIONAL STANDARD BOOK NUMBER
International Standard Book Number 970-32-3977-3
040 ## - CATALOGING SOURCE
Original cataloging agency DO-CoUTE
Language of cataloging spa
Transcribing agency DO-CoUTE
041 0# - LANGUAGE CODE
Language code of text/sound track or separate title spa
082 ## - DEWEY DECIMAL CLASSIFICATION NUMBER
Classification number 909.04 A679t
100 1# - MAIN ENTRY--PERSONAL NAME
Personal name Arellano Henández, Alfonso
245 10 - TITLE STATEMENT
Title Tortuguero / Alfonso Arellano Henández
260 ## - PUBLICATION, DISTRIBUTION, ETC.
Place of publication, distribution, etc. México : Universidad nacional autonoma de mexico
300 ## - PHYSICAL DESCRIPTION
Extent 276 páginas
650 #4 - SUBJECT ADDED ENTRY--TOPICAL TERM
Topical term or geographic name entry element Historia
942 ## - ADDED ENTRY ELEMENTS (KOHA)
Source of classification or shelving scheme Dewey Decimal Classification
Koha item type Libros
Existencias
Withdrawn status Lost status Source of classification or shelving scheme Damaged status Not for loan Collection code Home library Current library Date acquired Inventory number Total Checkouts Full call number Barcode Date last seen Copy number Price effective from Koha item type
    Dewey Decimal Classification     Colección General Biblioteca UTECO Biblioteca UTECO 01/02/2021 020758   909.04 A679t 020758 03/30/2022 Ej.1 01/03/2021 Libros
    Dewey Decimal Classification     Colección General Biblioteca UTECO Biblioteca UTECO 01/02/2021 020759   909.04 A679t 020759 03/30/2022 Ej.2 01/03/2021 Libros
    Dewey Decimal Classification     Colección General Biblioteca UTECO Biblioteca UTECO 01/02/2021 020760   909.04 A679t 020760 03/30/2022 Ej.3 01/03/2021 Libros
© 2021 Derechos Reservados UTECO - Teléfono: +1 809-585-2291 - Correo electrónico: biblioteca@uteco.edu.do​  
Código postal 43000 ​​
Dirección: Avenida Universitaria No. 100, 
Cotuí, Provincia Sánchez Ramírez, República Dominicana - RNC: 404-00059-6